000 00840nam a2200265 a 4500
001 000048174
003 DO-SdBNP
005 20240301084219.0
007 ta
008 240301s2002 dr 000 0 spa d
040 _aDO-SdBNP
_bspa
_cBNPHU
_erda
082 _bE244
_222
100 _930463
245 1 0 _aEducación artística 6. :
_b[educación básica] /
_ceditorial Obdulia García de Escobar; ilustración Ruddy Núñez.
264 _aSanto Domingo :
_bSantillana,
_c2002.
300 _a87paginas :
_bilustraciones ;
_c22 cm.
336 _2rdacontent
_atexto
_btxt
337 _2rdamedia
_asin mediación
_bn
338 _2rdacarrier
_avolumen
_bnc
590 _aInventariado, 2024/DG
700 1 _aGarcía Escobar, Obdulia
_eeditora
_929560
700 1 _aNúñez, Ruddy,
_eilustraciones
_923171
910 _aDG
942 _2ddc
_cLBS1
999 _c56011
_d56011